| 000 | 01016nam a2200301Ia 4500 | ||
|---|---|---|---|
| 003 | OSt | ||
| 005 | 20221005104240.0 | ||
| 006 | a|||||r|||| 00| 0 | ||
| 007 | ta | ||
| 008 | 221004b |||||||| |||| 00| 0 hin d | ||
| 020 |
_a9788123015433 (pbk) _cINR 195.00 |
||
| 024 | _a33922 | ||
| 037 |
_b068, 15/09/2017, Classic Book Service _cTextual |
||
| 040 |
_aCRL _cCRL _bhin |
||
| 041 |
_2hin _ahin |
||
| 082 | _aO152,1I00:g, Q5 | ||
| 100 | _aऋतुश्री, संपा. | ||
| 245 | 0 | _aकबीर | |
| 246 | _aKabīra | ||
| 250 | _a8वॉं संस्करण | ||
| 260 |
_aदिल्ली _bप्रकाशन विभाग भारत _c2015 |
||
| 300 |
_a227पृ0 _ccm. |
||
| 650 | _a हिन्दी कविता | ||
| 650 | _a हिन्दी साहित्य | ||
| 650 | _aकबीर | ||
| 942 |
_hO152,1I00:g, Q5 _cTEXL _2cc |
||
| 999 |
_c1012146 _d1012146 |
||